01348nam a2200301Ia 4500001001200000003000800012006001900020007001500039008004100054010001700095020001800112020001500130040002100145035002100166050002300187245015200210260005800362300002900420504004100449533015200490610004300642650005500685655002900740710011500769710001700884856012600901999001901027ebr10176198CaPaEBRm u cr cn|||||||||070726s2007 dcua sb 000 0 eng d z 2007297779 z9780309104906 z0309104904 aCaPaEBRcCaPaEBR a(OCoLC)18253061714aQB461b.P47 2007eb02aA performance assessment of NASA's Astrophysics Programh[electronic resource] /cNASA Astrophysics Performance Assessment Committee ... [et al.].. aWashington, D.C. :bNational Research Council,c2007. axiii, 46 p. :bcol. ill. aIncludes bibliographical references. aElectronic reproduction.bPalo Alto, Calif. :cebrary,d2009.nAvailable via World Wide Web.nAccess may be limited to ebrary affiliated libraries.20aNASA Astrophysics ProgramxEvaluation. 0aAstrophysicsxResearchzUnited StatesxEvaluation. 7aElectronic books.2local1 aUnited States.bNational Aeronautics and Space Administration.bAstrophysics Performance Assessment Committee.2 aebrary, Inc.40uhttp://site.ebrary.com/lib/rucke/Doc?id=10176198zAn electronic book accessible through the World Wide Web; click to view c141514d141514